000 00365nam a2200121Ia 4500
008 191111s9999 xx 000 0 und d
020 _a9781483371436
100 _aMoodley, Roy.
245 _cRoy Moodlet.--
_aAsian healing traditions in counselling and psychotherapy /
260 _aUSA :
_bSage
_c2018
300 _axx, 286 pages.
650 _aCounseling psychology
999 _c362687
_d362687